The philosophy of nature and the drama of modern physics / (Record no. 122917)
[ view plain ]
| 000 -LEADER | |
|---|---|
| fixed length control field | 00987cam a2200289 a 4500 |
| 001 - CONTROL NUMBER | |
| control field | 15890263 |
| 005 - DATE AND TIME OF LATEST TRANSACTION | |
| control field | 20150715140454.0 |
| 008 - FIXED-LENGTH DATA ELEMENTS--GENERAL INFORMATION | |
| fixed length control field | 090902s2009 rm a b 001 0 eng d |
| 010 ## - LIBRARY OF CONGRESS CONTROL NUMBER | |
| LC control number | 2009495457 |
| 020 ## - INTERNATIONAL STANDARD BOOK NUMBER | |
| International Standard Book Number | 9789736258732 |
| 020 ## - INTERNATIONAL STANDARD BOOK NUMBER | |
| International Standard Book Number | 9736258734 |
| 035 ## - SYSTEM CONTROL NUMBER | |
| System control number | (OCoLC)ocn463673289 |
| 040 ## - CATALOGING SOURCE | |
| Original cataloging agency | ORE |
| Transcribing agency | ORE |
| Modifying agency | DLC |
| 042 ## - AUTHENTICATION CODE | |
| Authentication code | lccopycat |
| 050 00 - LIBRARY OF CONGRESS CALL NUMBER | |
| Classification number | Q175.D111 |
| 100 1# - MAIN ENTRY--PERSONAL NAME | |
| Personal name | Daba, Dumitru. |
| 9 (RLIN) | 18107 |
| 245 14 - TITLE STATEMENT | |
| Title | The philosophy of nature and the drama of modern physics / |
| Statement of responsibility, etc | Dumitru Daba. |
| 260 ## - PUBLICATION, DISTRIBUTION, ETC. (IMPRINT) | |
| Place of publication, distribution, etc | Timișoara : |
| Name of publisher, distributor, etc | Editura Politehnica, |
| Date of publication, distribution, etc | 2009. |
| 300 ## - PHYSICAL DESCRIPTION | |
| Extent | 123 p. : |
| Other physical details | ill. ; |
| Dimensions | 21 cm. |
| 490 1# - SERIES STATEMENT | |
| Series statement | Synthesis series |
| 504 ## - BIBLIOGRAPHY, ETC. NOTE | |
| Bibliography, etc | Includes bibliographical references and index. |
| 650 #0 - SUBJECT ADDED ENTRY--TOPICAL TERM | |
| Topical term or geographic name as entry element | Science |
| General subdivision | Philosophy. |
| 9 (RLIN) | 18108 |
| 830 #0 - SERIES ADDED ENTRY--UNIFORM TITLE | |
| Uniform title | Colecția Sinteze (Editura Politehnica) |
| 9 (RLIN) | 18109 |
| 906 ## - LOCAL DATA ELEMENT F, LDF (RLIN) | |
| a | 7 |
| b | cbc |
| c | copycat |
| d | 3 |
| e | ncip |
| f | 20 |
| g | y-gencatlg |
| 942 ## - ADDED ENTRY ELEMENTS (KOHA) | |
| Source of classification or shelving scheme | Library of Congress Classification |
| Item type | Monograph ( Printed materials) |
| Withdrawn status | Lost status | Source of classification or shelving scheme | Damaged status | Not for loan | Collection code | Home library | Current library | Shelving location | Date acquired | Total Checkouts | Full call number | Barcode | Date last seen | Price effective from | Koha item type |
|---|---|---|---|---|---|---|---|---|---|---|---|---|---|---|---|
| Library of Congress Classification | Main Collection | ARRUPE LIBRARY | ARRUPE LIBRARY | Main Collection | 15/07/2015 | Q175.D111 | 46500004592 | 03/07/2019 | 15/07/2015 | Monograph ( Printed materials) |